Sports Quiz

Random Sports or NBA Quiz

Illegal Big 4 Team Names in Scrabble Quiz Stats

 Plays Quiz Updated Jul 8, 2021

Support Sporcle.
Go Orange.
Score 0/13 Timer 05:00
2 Plays Today
Points Team % Correct
12Canadiens ('Habs' is also an illegal word.)
58.5%
15Canucks
58.1%
6Mets (But 'Met' is a legal word.)
55.3%
13Phillies (But 'Fillies' is a legal word.)
49.8%
14Yankees
49.3%
13Texans
48.2%
28Blackhawks (Though, until 1986, they were the 'Black Hawks', both of which are legal words.)
47.9%
6Astros
47.2%
8Steelers
45.5%
18Seahawks
41.4%
13Rockies
40.2%
11Celtics
31.1%
8Indians
22.8%

You're not logged in!

Compare scores with friends on all Sporcle quizzes.
OR
Log In
Forgot?

From the Vault

UNO Cards

by uwjic

Theoretically a game of UNO could last forever.
Remove Ads.
Support Sporcle.
Get the best of Sporcle when you Go Orange. This ad-free experience offers more features, more stats, and more fun while also helping to support Sporcle. Thank you for becoming a member.

Show Comments

Extras

Top Quizzes Today


Score Distribution

Your Account Isn't Verified!

In order to create a playlist on Sporcle, you need to verify the email address you used during registration. Go to your Sporcle Settings to finish the process.

Report this User

Report this user for behavior that violates our Community Guidelines.

Details: